Movies Quiz

Random Movies or Quote Quiz

Jim Carrey Movie Quotes Quiz Stats

 Plays Quiz Updated Nov 14, 2014

Challenge
Share
Tweet
Embed
Score 0/16 Timer 06:00
0 Plays Today
% Correct
How the Grinch Stole Christmas
75.1%
The Truman Show
72.4%
Dumb & Dumber
64.4%
Liar Liar
55.3%
Lemony Snicket's A Series of Unfortunate Events
53.4%
Ace Ventura: Pet Detective
47.7%
The Mask
41.4%
The Cable Guy
40.2%
% Correct
Man on the Moon
36.7%
Eternal Sunshine of the Spotless Mind
35.5%
Bruce Almighty
33.6%
Batman Forever
30.2%
Fun with Dick and Jane
30.1%
Me, Myself & Irene
28.7%
Horton Hears a Who!
26.8%
Yes Man
23.2%

You're not logged in!

Compare scores with friends on all Sporcle quizzes.
Join for Free
OR
Log In

You Might Also Like...

Show Comments

Extras

Top Quizzes Today


Score Distribution

Your Account Isn't Verified!

In order to create a playlist on Sporcle, you need to verify the email address you used during registration. Go to your Sporcle Settings to finish the process.

Report this User

Report this user for behavior that violates our Community Guidelines.

Details: